• 首页
  • 本馆介绍
  • 公告通知
  • 最新文献
  • 馆藏检索
  • 电子资源
  • 读者导购
  • 参考咨询
  • 我的图书馆
  • 登录
  • 详细信息显示
  • 放入我的书架
  • 预约/预借图书
  • 作者相关作品
  • 分类相关作品
  • 丛书相关作品
  • 出版社相关作品

书目信息

  • 表格格式
  • 工作单格式
  • 卡片格式
题名:
张居正直解《尚书》
    
 
作者: 张居正 著
分册: 上  
出版信息: 北京   中国言实出版社  2017
页数: 289页
开本: 24cm
丛书名:
单 册:
中图分类: K221.04
科图分类:
主题词: 古代史--中国--商周时代
电子资源:
ISBN: 978-7-5171-1742-1
000 01321nam0 2200265 45
001 012001003315
005 20180926160946.70
010    @a978-7-5171-1742-1@dCNY39.00
100    @a20170524d2017 em y0chiy50 ea
101 0  @achi
102    @aCN@b110000
105    @ay z 000yy
106    @ar
200 1  @a张居正直解《尚书》@9zhang ju zheng zhi jie《shang shu》@h上@f(明)张居正著
210    @a北京@c中国言实出版社@d2017
215    @a289页@d24cm
300    @a帝师教科书
314    @a张居正 (1525-1582),明代湖广江陵人,明朝中后期政治家、改革家,万历时期的内阁首辅,辅佐万历皇帝开创了“万历新政”。
330    @a《尚书》古称《书》、《书经》。“尚”字,其为“上”,即指上古以来之意。《尚书直解》是儒家五经之一,也是历代帝王的教科书和必遵的“大经大法”。《尚书直解》是明朝隆庆六年,由两朝帝师张居正给万历小皇帝日讲的宫内读本。是为万历初进讲所作。时神宗幼冲,故译以常言,取其易解。《尚书直解》以最通俗的白话文写成,深入浅出,通俗易懂,同时还融入了大政治家张居正对历代王朝兴衰的总结,其独特见解,永为后世之借鉴。康熙大帝阅后御批:朕阅张居正尚书、四书直解,篇末俱精实之义,无泛设之词。
605    @a《尚书》@x译文
606 0  @a古代史@y中国@z商周时代
690    @aK221.04@v5
701  0 @c(明)@a张居正@9zhang ju zheng@f(1525-1582)@4著
801  0 @aCN@b上海新华@c20180901
905    @b1162596-600@dK221.04@e41:1@f5
    
    张居正直解《尚书》.上/(明)张居正著.-北京:中国言实出版社,2017
    289页;24cm
    帝师教科书
    
    ISBN 978-7-5171-1742-1:CNY39.00
    《尚书》古称《书》、《书经》。“尚”字,其为“上”,即指上古以来之意。《尚书直解》是儒家五经之一,也是历代帝王的教科书和必遵的“大经大法”。《尚书直解》是明朝隆庆六年,由两朝帝师张居正给万历小皇帝日讲的宫内读本。是为万历初进讲所作。时神宗幼冲,故译以常言,取其易解。《尚书直解》以最通俗的白话文写成,深入浅出,通俗易懂,同时还融入了大政治家张居正对历代王朝兴衰的总结,其独特见解,永为后世之借鉴。康熙大帝阅后御批:朕阅张居正尚书、四书直解,篇末俱精实之义,无泛设之词。
●
相关链接 在E读中查询图书 在五车中查询图书 在当当中查询图书 在豆瓣中查询图书


正题名:张居正直解《尚书》     索取号:K221.04/41:1         预约/预借

序号 登录号 条形码 馆藏地/架位号 状态 备注
1 1162596   211625963   第二样本阅览室/ [索取号:K221.04/41:1] 在馆    
2 1162597   211625972   第二借阅区/ [索取号:K221.04/41:1] 在馆    
3 1162598   211625981   第二借阅区/ [索取号:K221.04/41:1] 在馆    
4 1162599   211625990   第二借阅区/ [索取号:K221.04/41:1] 在馆    
5 1162600   211626007   密集书库-文学院/ [索取号:K221.04/41:1] 在馆    
唐山师范学院图书馆 欢迎您!
大连网信软件有限公司© 版权所有